MARC

LEADER 00000nam0a2200000 4500
001 331126
005 20231102004327.0
035 |a (RuTPU)RU\TPU\book\356914 
090 |a 331126 
100 |a 20170414d1979 km y0rusy50 ca 
101 0 |a rus 
102 |a RU 
105 |a y z 001zd 
200 1 |a Советский Союз глазами американцев. 1917-1977 : Документы и материалы  |e [сборник]  |f сост. И. М. Краснов 
210 |a Москва  |c Мысль  |d 1979 
215 |a 348 с. 
320 |a Указатель имен: с. 337-340 
600 1 |a Ленин  |b В. И.  |c настоящая фамилия Ульянов  |c российский политический деятель  |f 1870-1924  |g Владимир Ильич  |2 stltpush  |3 (RuTPU)RU\TPU\pers\1074  |9 486 
606 1 |a Российско-Американские отношения  |x Внешняя политика  |z 21 в.  |2 stltpush  |3 (RuTPU)RU\TPU\subj\71823  |9 85561 
610 1 |a Советский Союз 
610 1 |a американцы 
610 1 |a история 
610 1 |a Октябрьская социалистическая революция 
610 1 |a интервенция 
610 1 |a социализм 
610 1 |a Великая Отечественная война 1941-1945 
610 1 |a коммунизм 
610 1 |a международное сотрудничество 
610 1 |a документы 
610 1 |a материалы 
610 1 |a сборники 
686 |a Ф4(2)9(7США)  |v LBC/SL-A  |2 rubbk 
702 1 |a Краснов  |b И. М.  |4 220 
801 1 |a RU  |b 63413507  |c 20170414 
801 2 |a RU  |b 63413507  |c 20170417  |g RCR 
942 |c BK